Score 0/20 Timer 05:00
1 Play Today
Column % Correct
Martha Stewart
87.2%
Rachael Ray
82.2%
Guy Fieri
70.2%
Julia Child
69.8%
Paula Deen
69.8%
Emeril Lagasse
67.7%
Gordon Ramsay
67.3%
Bobby Flay
63.8%
Jamie Oliver
57.6%
Anthony Bourdain
57%
Column % Correct
Ina Garten
51.3%
Swedish Chef
50.5%
Alton Brown
50.4%
Mario Batali
45.9%
Wolfgang Puck
44.5%
Michael Symon
27.3%
Martin Yan
24.7%
Graham Kerr
16%
Jeff Smith
15.1%
Art Ginsburg
11%
Remove Ads.
Support Sporcle.
Get the best of Sporcle when you Go Orange. This ad-free experience offers more features, more stats, and more fun while also helping to support Sporcle. Thank you for becoming a member.

You're not logged in!

Compare scores with friends on all Sporcle quizzes.
OR
Log In

Show Comments

Extras

Top Quizzes Today


Score Distribution

Your Account Isn't Verified!

In order to create a playlist on Sporcle, you need to verify the email address you used during registration. Go to your Sporcle Settings to finish the process.

Report this User

Report this user for behavior that violates our Community Guidelines.

Details: